000 00468nam a2200181Ia 4500
001 4014
005 20260306145725.0
008 260306t2022||||xx |||||||||||||| ||spa||
041 _aESP
082 _a306.432
_bR31
100 _aReátegui, Luciana,
_eAUT
245 0 _a¿De qué colegio eres? :
_bla reproducción de la clase alta en el Perú
260 _c2022
300 _a214 páginas :
_c21 cm.
650 _aGEN
654 _aCHU
942 _cLIB
_dJUS
_fJUS
_2ddc
_n
999 _c4014
_d4014